| 000 | 01057nam a2200241 a 4500 | ||
|---|---|---|---|
| 001 | BRL_1616 | ||
| 005 | 20190320211305.0 | ||
| 008 | 140414s1987----mx-a######---#100-0#spa-# | ||
| 041 | _aspa | ||
| 044 | _amx | ||
| 050 | 4 |
_aSF542 _b.H36 1987 |
|
| 111 | 2 |
_aTaller sobre la cría del gusano de seda _d17 al 18 de febrero 1987 _cSan Mateo Peñasco (Tlaxiaco) _eCentro coordinador indigenista de la Mixteca Alta _927448 |
|
| 245 | 1 | 0 |
_aManual de la cría del gusano de seda reproducción de la Morera en la Mixteca _bmemoria del ´taller sobre la cría del gusano de seda, en la comunidad San Mateo Peñasco (Tlaxiaco), 17-18 de febrero 1987 _ctexto Susanna Hammacher ; diseño Cesar Gabriel Toledo Ruiz. |
| 260 |
_aTlaxiaco, Oaxaca, México _bCentro coordinador indigenista de la Mixteca Alta _c1987 |
||
| 300 |
_a59 p. _bil. _c22 cm. |
||
| 500 | _aAu381 | ||
| 500 | _aEn la pasta: ´Tintuvá´ | ||
| 650 | 1 | 4 |
_aGusanos de seda _927449 |
| 700 | 1 |
_aHammacher, Susanna _927450 |
|
| 700 | 1 |
_aRuiz Toledo, Gabriel Cesar _927451 |
|
| 902 | _aGRL | ||
| 942 |
_2lcc _cB |
||
| 999 |
_c10425 _d10425 |
||